Capitales de l'Europe en image - Statistiques

Statistiques générales
  • Ce quiz a été pris 79 fois
  • Le résultat moyen est 7 sur 15
Statistiques - réponses
Par images Réponse % Correct
Londres
97%
Athènes
96%
Rome
74%
Paris
71%
Amsterdam
65%
Copenhague
58%
Moscou
48%
Prague
43%
Berlin
41%
Madrid
39%
Helsinki
23%
Kiev
22%
La Valette
14%
Stockholm
12%
Bucarest
4%
Aucun quiz correspondant
Distribution des résultats
% des personnes avec chaque résultat
Percentile par nombre de réponses
Votre historique - résultats
Vous n’avez pas pris ce quiz